Gaming Quiz

Random Gaming or Video Games Quiz

Pokemon Starter Movesets Part One Quiz Stats

Quiz not verified by Sporcle

Also try: Pokémon Rainbow
Challenge
Share
Tweet
Embed
Score 0/170 Timer 15:00
0 Plays Today
% Correct
Tackle
98.7%
Tackle
98.7%
Tackle
98.7%
Tackle
98.7%
Tackle
98.7%
Growl
97.1%
Growl
97.1%
Growl
97.1%
Growl
97.1%
Growl
97.1%
Growl
97.1%
Ember
96.8%
Ember
96.8%
Ember
96.8%
Ember
96.8%
Ember
96.8%
Ember
96.8%
Scratch
96.5%
Scratch
96.5%
Scratch
96.5%
Vine Whip
96.1%
Vine Whip
96.1%
Razor Leaf
96.1%
Razor Leaf
96.1%
Razor Leaf
96.1%
Solar Beam
95.8%
Solar Beam
95.8%
Flamethrower
95.5%
Flamethrower
95.5%
Leer
94.5%
Leer
94.5%
Leer
94.5%
Hydro Pump
94.2%
Hydro Pump
94.2%
Water Gun
93.9%
Water Gun
93.9%
Water Gun
93.9%
Water Gun
93.9%
Leaf Blade
93.9%
Water Gun
93.9%
Water Gun
93.9%
Poison Powder
92.3%
Poison Powder
92.3%
Poison Powder
92.3%
Bubble
91.9%
Sleep Powder
91%
Leech Seed
90%
Leech Seed
90%
Bite
90%
Bite
90%
Blaze Kick
89%
Tail Whip
88.4%
Tail Whip
88.4%
Flame Wheel
87.7%
Earthquake
87.1%
Slash
86.8%
Skull Bash
86.8%
% Correct
Slash
86.8%
Slash
86.8%
Muddy Water
86.8%
Withdraw
86.1%
Withdraw
86.1%
Crunch
85.8%
Wing Attack
84.8%
Absorb
84.8%
Absorb
84.8%
Double Kick
84.5%
Fire Spin
84.2%
Eruption
81.3%
Eruption
81.3%
Pound
81.3%
Flare Blitz
80.3%
Flare Blitz
80.3%
Quick Attack
80.3%
Quick Attack
80.3%
Quick Attack
80.3%
Flare Blitz
80.3%
Quick Attack
80.3%
Flare Blitz
80.3%
Mud Shot
80.3%
Smokescreen
79.4%
Smokescreen
79.4%
Smokescreen
79.4%
Smokescreen
79.4%
Sky Uppercut
79%
Leaf Storm
78.7%
Leaf Storm
78.7%
Peck
78.7%
Synthesis
77.4%
Dragon Rage
77.4%
Synthesis
77.4%
Mud-Slap
77.4%
Mud-Slap
77.4%
Body Slam
77.1%
Ice Fang
76.5%
Petal Dance
76.1%
Petal Dance
76.1%
Take Down
75.8%
Take Down
75.8%
Dragon Claw
75.5%
Aqua Tail
75.5%
Reflect
75.5%
Aqua Tail
75.5%
Light Screen
75.2%
Water Pulse
73.9%
Rage
73.5%
Rage
73.5%
Fire Punch
73.2%
Growth
72.6%
Double-Edge
72.6%
Double-Edge
72.6%
Double-Edge
72.6%
Slam
72.3%
Fire Fang
71.3%
% Correct
Agility
70.3%
Agility
70.3%
Rain Dance
70%
Mud Bomb
69%
Swift
68.7%
Brave Bird
67.7%
Protect
67.4%
Sand Attack
67.4%
Protect
67.4%
Air Slash
65.8%
High Jump Kick
64.8%
Scary Face
64.5%
Scary Face
64.5%
Pursuit
64.2%
Heat Wave
63.5%
Heat Wave
63.5%
Bide
62.9%
Rapid Spin
62.6%
Focus Energy
62.6%
Focus Energy
62.6%
Defense Curl
61.9%
Lava Plume
61.9%
Rollout
61.9%
Petal Blizzard
61.3%
Petal Blizzard
61.3%
Petal Blizzard
61.3%
Flame Charge
61%
Screech
61%
Screech
61%
Detect
60.6%
Shadow Claw
59.7%
Iron Defense
58.4%
Aromatherapy
58.1%
Bulk Up
57.7%
Inferno
57.4%
Magical Leaf
57.4%
Inferno
57.4%
Superpower
57.1%
Hammer Arm
57.1%
Hammer Arm
57.1%
Sweet Scent
56.8%
Flame Burst
56.8%
Sweet Scent
56.8%
Flash Cannon
54.5%
Night Slash
52.9%
X-Scissor
51.9%
Endeavor
50.3%
False Swipe
49.4%
Foresight
49.4%
Thrash
49%
Worry Seed
47.4%
Safeguard
46.5%
Gyro Ball
45.2%
Flail
42.6%
Chip Away
40%
Natural Gift
38.1%

You're not logged in!

Compare scores with friends on all Sporcle quizzes.
Sign Up with Email
OR
Log In

You Might Also Like...

Show Comments

Extras

Top Quizzes Today


Score Distribution

Your Account Isn't Verified!

In order to create a playlist on Sporcle, you need to verify the email address you used during registration. Go to your Sporcle Settings to finish the process.